Biblioteca

The Oxford illustrated history of Christianity (Registro nro. 68729)

Detalles MARC
000 -LÍDER
Campo fijo de descripción fija 01897nam a2200325 i 4500
001 - NÚMERO DE CONTROL
Campo de control 768714001
003 - IDENTIFICADOR DEL NÚMERO DE CONTROL
Campo de control CO-MdFUSB
005 - FECHA Y HORA DE LA ULTIMA TRANSACCIÓN
control field 20240531062754.0
007 - CAMPO FIJO DE DESCRIPCIÓN FIJA--INFORMACIÓN GENERAL
Campo fijo de descripción fija ta
008 - ELEMENTOS DE LONGITUD FIJA -- INFORMACIÓN GENERAL
Campo fijo de descripción fija -- Información general 230417t19921990nyuaco|| |||| 00| 0 eng d
020 ## - NÚMERO INTERNACIONAL NORMALIZADO PARA LIBROS
Número Internacional Normalizado del libro 0192852590
040 ## - FUENTE DE CATALOGACIÓN
Agencia de catalogación original CO-MdFUSB
Idioma de catalogación spa
Agencia que realiza la transcripción CO-MdFUSB
Agencia que realiza la modificación CO-MdFUSBC
Convenciones de la descripción rda
041 ## - CÓDIGO DE IDIOMA
Código de idioma para texto/pista de sonido o título separado eng
082 ## - NÚMERO DE CLASIFICACIÓN DECIMAL DEWEY
Número de la edición del Dewey 23
Número de clasificación 270
Clave de autor-Numero de item OX98
245 #4 - TÍTULO
Título del Material The Oxford illustrated history of Christianity
Mención de responsabilidad, etc. / editado por John McManners
264 #1 - PRODUCCIÓN, PUBLICACIÓN, DISTRIBUCIÓN, MANUFACTURA, Y COPYRIGHT
Lugar de producción, publicación, distribución, manufactura Oxford, England :
Nombre del productor, publicador, distribuidor Oxford University Press,
Fecha de producción, publicación, distribución, manufactura, o copyright 1992
264 #4 - PRODUCCIÓN, PUBLICACIÓN, DISTRIBUCIÓN, MANUFACTURA, Y COPYRIGHT
Fecha de producción, publicación, distribución, manufactura, o copyright © 1990
300 ## - DESCRIPCIÓN FÍSICA
Extensión 724 páginas
Dimensiones ; 25 cm
336 ## - TIPO DE CONTENIDO
Fuente rdacontent
Término de tipo de contenido texto
Código de tipo de contenido txt
337 ## - TIPO DE MEDIO
Fuente rdamedia
Nombre del tipo de medio sin mediación
Código del tipo de medio n
338 ## - TIPO DE SOPORTE
Fuente rdacarrier
Nombre del tipo de soporte volumen
Código Tipo de soporte nc
505 ## - NOTA DE CONTENIDO
Nota de contenido con formato preestablecido La comunidad cristiana primitiva / Henry Chadwick. -- De Roma a los reinos bárbaros (330-700) / Robert A. Markus. -- Occidente: la era de la conversión (700-1050) / Henry Mayr-Harting. -- Cristiandad oriental / Kallistos Ware -- Cristianismo e Islam / Jeremy Johns. -- Civilización cristiana (1050-1400) / Colin Morris. -- La Iglesia de la Baja Edad Media y su reforma (1400-1600) / Patrick Collinson. -- Ilustración: secular y cristiana (1600-1800) / John McManners. -- La expansión del cristianismo (1500-1800) / John McManners. -- Gran Bretaña y Europa / Owen Chadwick. -- Norteamérica / Martín Marty. -- América Latina / Fredrick Pike -- África / Peter Hinchliff. -- Asia / Kenneth y Helen Ballhatchet. -- Las iglesias ortodoxas de Europa del Este / Sergei Hackel. -- Lo que creen los cristianos / Maurice Wiles. -- Nuevas imágenes de comunidad cristiana / Bryan Wilson. -- La conciencia cristiana / Basil Mitchell. -- El futuro del cristianismo / John Taylor<br/>
563 ## - NOTA DE ENCUADERNACIÓN
Nota de encuadernación Rústico
650 #7 - ASIENTO SECUNDARIO DE MATERIA - TERMINO TEMÁTICO
Término temático o nombre geográfico como elemento de entrada Cristianismo
Fuente del encabezamiento o término
9 (RLIN) 22
650 #0 - ASIENTO SECUNDARIO DE MATERIA - TERMINO TEMÁTICO
9 (RLIN) 153
Término temático o nombre geográfico como elemento de entrada Historia de la Iglesia
700 ## - ASIENTO SECUNDARIO - NOMBRE PERSONAL
9 (RLIN) 8123
Nombre personal McManners, John,
Responsabilidad editor
942 ## - TIPO DE MATERIAL (KOHA)
Tipo de Item KOHA Libros General
945 ## - INFORMACIÓN LOCAL DEL REGISTRO
Catalogador JTF-925
Existencias
Estado de Material Estado de Perdido Forma de Clasificación Estado de Dañado No para Préstamo Colección Biblioteca de Origen Biblioteca Permanente Fecha de Adquisición Área Total de Préstamos Signatura Topográfica Código de Barras Última vez visto Ejemplar/Existencia Fecha de Remplazo Tipo de Material
    Dewey Decimal Classification     Colección General Biblioteca FUSBC Biblioteca FUSBC 17/04/2023 HISTORIA DEL CRISTIANISMO   G 270 OX98o 24111 17/04/2023 Ej. 1 17/04/2023 Libros General

Biblioteca FUSBC | Teléfono: (57+4) 349 88 10 Ext. 141| WhatsApp (+57) 3005338115 
E-mail: biblioteca@unisbc.edu.co | Calle 76 87-14 Robledo Palenque, Medellín, Colombia

Con tecnología Koha